01021cam a22002891 4500001001300000003000400013005001700017008004100034010001700075025001900092040001800111043001200129050001800141082001200159110007200171245006600243260002100309300001800330350001500348490002400363500011800387500011500505651002800620651003900648700002700687999001700714sa 68004841 DLC20260227112504.0711108r1967 ii 000 0 eng  asa 68004841  aPL480:I-E-8176 aDLCcDLCdDLC aa-ii---00aHC435.2b.H5500a338.9542 aHindustan Motors, ltd.bDepartment of Economic and Market Research.10aEconomic policies and programmes in India: some observations. aCalcuttac[1967] a68 p.c24 cm. aRs6a$1.250 aIts Publications, 2 a"Nine essays written by Dr. N. Das ... and ... his colleagues in the Department of Economic and Market Research." a"Originally published in Amrita bazar patrika ... Capital ... The Times of India ... and The Hindustan times." 0aIndiaxEconomic policy. 0aIndiaxEconomic policyy1966-1974.1 aDas, Nabagopal,d1910- c80381d80381